| Tag |
First Indicator |
Second Indicator |
Subfields |
| LEADER |
00000cam a2200000 4500 |
| 001 |
in00000066356 |
| 005 |
20151008051900.0 |
| 008 |
730412s1953 ohu 00000 eng u |
| 010 |
|
|
|a 53008487
|
| 035 |
|
|
|a (OCoLC)00602873
|
| 035 |
|
|
|9 AAH0530AM
|
| 040 |
|
|
|c CNC
|d TXA
|d UtOrBLW
|
| 049 |
|
|
|a TXAM
|c [220810]
|
| 050 |
|
0 |
|a HC108.Y43
|b M6
|
| 092 |
|
|
|a 338.7
|b M847i
|
| 100 |
1 |
|
|a Morgan, Arthur E.
|q (Arthur Ernest),
|d 1878-1975.
|
| 245 |
1 |
0 |
|a Industries for small communities :
|b with cases from Yellow Springs.
|
| 264 |
|
1 |
|a Yellow Springs, Ohio :
|b Community Service,
|c [1953]
|
| 300 |
|
|
|a 107 pages :
|b illustrations ;
|c 23 cm.
|
| 336 |
|
|
|a text
|b txt
|2 rdacontent
|
| 337 |
|
|
|a unmediated
|b n
|2 rdamedia
|
| 338 |
|
|
|a volume
|b nc
|2 rdacarrier
|
| 650 |
|
0 |
|a Small business.
|
| 651 |
|
0 |
|a Yellow Springs (Ohio)
|x Industries.
|
| 999 |
|
|
|a MARS
|
| 999 |
f |
f |
|s 05606d58-a8ea-31f8-9f2b-80e4769d1e87
|i 16715d10-532e-37c6-bd23-160240a0d22e
|t 0
|
| 952 |
f |
f |
|p ric
|a Texas A&M University
|b Rellis Campus
|c Joint Library Facility
|d Remote Storage
|t 0
|e HC108.Y43 M6
|h Library of Congress classification
|i unmediated -- volume
|m A14800769960
|
| 998 |
f |
f |
|a HC108.Y43 M6
|t 0
|l Remote Storage
|